000 00968nas1a22002411i 4500
001 RU\NLR\INFOCOMM15\1000083656
005 20240725200929.0
011 _a0135-9134
035 _a(NLR Aleph) 002436871
090 _a2045968
_c2045968
100 _a20040303c1992 |||y0rusy50 ca
101 0 _arus
102 _aRU
110 _azyu||||0|y0
200 1 _aЖелезнодорожный транспорт
_iЭкология и железнодорожный транспорт
_e(Отеч. и зарубеж. опыт)
_eОбзор. информ.
_fЦНИИ информ. и техн.-экон. исслед. ж.-д. трансп. (ЦНИИТЭИ)
210 _aМ.
_d1992-
801 1 _aRU
_bInfoComm
_c20040303
801 0 _aRU
_bNLR
_gPSBO
852 _aNLR
_jП10/6976
942 _cSE
980 _aRUSPER